| 000 | 00709nam a2200253Ia 4500 | ||
|---|---|---|---|
| 001 | Para_2467 | ||
| 003 | CHAP | ||
| 008 | 220125s1988 xx 000 0 und d | ||
| 010 | _a201001 | ||
| 040 | _cCHAP | ||
| 082 | _aPA-C 632.7 A8 | ||
| 245 |
_aAtlas of insects beneficial to forest trees / _c by Bohomil Stary |
||
| 260 |
_aAmsterdam : _b Elsevier |
||
| 300 | _a100 p. | ||
| 650 |
_aEntomología económica Insectos _x Identificación Arboles _x Plagas _9165857 |
||
| 700 |
_aStary, Bohomil _9109502 |
||
| 901 | _aPA-C 632.7 A8 | ||
| 902 | _aA | ||
| 905 | _a0000001988 AMSa 0000000000 00 | ||
| 910 | _a1988 | ||
| 942 | _cPARA | ||
| 942 |
_cPARA _d1 |
||
| 999 |
_c201001 _d201001 |
||